| 000 | 00591cam a2200193 a 4500 | ||
|---|---|---|---|
| 001 | 000014214 | ||
| 005 | 20240527201742.0 | ||
| 008 | 050304s1941 ru 000 0 spa | ||
| 040 |
_aDO-SdBNP _bspa _cLC _dBNPHU |
||
| 082 |
_a330.122 _bL566i |
||
| 100 | 1 |
_aLenin, Vladimir Ilich, _d1870-1924. _932113 |
|
| 245 | 1 | 3 |
_aEl imperialismo, fase superior del capitalismo (esbozo popular) / _cV. I. Lenin. |
| 260 |
_aMoscú : _bProgreso, _c[1941]. |
||
| 300 |
_a130 p. ; _c22 cm. |
||
| 650 | 0 |
_aImperialismo _91499 |
|
| 650 | 0 |
_aCapitalismo _9280 |
|
| 910 | _aCatalogación derivada | ||
| 049 | _aBNGR | ||
| 999 |
_c13813 _d13813 |
||